000 00488nam a22001697a 4500
999 _c6931
_d6929
005 20210904122124.0
008 200608b xxu||||| |||| 00| 0 eng d
020 _a978-938-8822176
041 _aeng
082 _a345.5408
100 _aPANDAY, KUMAR ASKAND
_95870
245 _aJUVENILE JUSTICE A COMMENTARY ON JUVENILE JUSTICE (care and protection of children ) ACT, 2015
260 _aLUCKNOW
_bE.B.C PVT. LTD
_c2019
300 _axxxiv,;321 p
650 _aLAW
_95701
942 _cBK